00645nam a2200265Ia 4500008004100000020002000041100001800061245001800079245001400097245001800111260001500129260002000144260000900164300001700173300001000190500004100200650001900241650001400260650003200274650002600306650001300332650001300345650001300358700000800371160803s9999 xx 000 0 und d a9780545251341  aMorris, Paula aDark souls :  ba novel / cPaula Morris. aNew York : bScholastic Inc. c2011 a294 pages ;  c21 cm aReprint. Originally published: 2011. aGhost stories. aGrief --  aInterpersonal relations --  aLoss (Psychology) --  xFiction. xFiction. xFiction. a770